アイドルマスター イントロクイズ#1 - Statistics

General Stats
  • This quiz has been taken 15 times
  • The average score is 24 of 70
Answer Stats
Hint Answer % Correct
ARE YOU READY!! I'm LADY!! 始めよう やれば出来るきっと 絶対私NO.1 READY!!
100%
GO MY WAY!! GO 前へ!! 頑張ってゆきましょう GO MY WAY!!
93%
もう伏目がちな昨日なんていらない 今日これから始まる私の伝説 THE IDOLM@STER
86%
乙女よ大志を抱け!! 夢見て素敵になれ 乙女よ大志を抱け!! 恋して綺麗になれ 乙女よ大志を抱け!!恋して綺麗になれ 立ち上がれ女諸君 乙女よ大志を抱け!!
79%
眠れない夜 この身を苛む煩悩 焦燥感 耐えられないなら アンダーグラウンドのサービスを呼ぶの どんな時も万全に応えられる エージェント夜を往く
71%
GOIN' GOIN' 止まらない GOIN' GOIN' 止まれないから さあ 同じ夢 奏でよう Don't stop music! GOIN'!!!
71%
エビバディ!歌おう騒ごう? ボリューム全開 MUSIC! ハッピーパーティ!踊ろうハシャぐのダ・ダ・ダ…? Eternal Harmony
64%
Thank you for… つくろう 数えきれないステージ この場所から Thank You!
64%
「続いてラジオネーム"おもしろくん"さんからのお便りです。大好きな人の隣の席にいるのに、話が嚙み合いません。どうすればいいですか? んー、べつにいいんじゃないですかね?だって」 O-Ku-Ri-Mo-No Sunday!
57%
Spread the Wings 行こう 今、はじまる奇跡 翼を広げて (君とどこまでも) あの空の彼方 Spread the Wings!!
57%
LET'S GO!DANCE!DANCE! DANCE!DANCE!DANCE!CHU-! COM'ON!PRINCE!PRINCE! HEY PRINCE. PLEASE KISS ME! 待ち受けプリンス
50%
イルミ・・・ネーション×∞ フェスタの開演! フェスタ・イルミネーション
50%
世界一?可愛い 宇宙一?可愛い もっともっと聞かせて ご褒美は…目を閉じて? ちゅ 世界一可愛い私
50%
澄み渡った空に白線 あの地平を超えて 白線
50%
ダンス・ダンス・ダンス 踊ろう ダンス・ダンス・ダンス
50%
忘れて来てあげたのよ 自分の傘は 雨の日は寄り添って近づけるでしょ 公園のチューリップも濡れて咲いてる このチャンス逃したら次はないかも
Tulip
50%
夢を乗せて 時空超えて とどけ!アイドル キミのココロに 鮮やかな 一瞬<とき>を刻むよ
とどけ!アイドル
43%
笑顔だけは負けないよ そう ジャンピン ジャンピン 未来(あす)へ進む 今日も私のメロディー伝えたい みんなに 届いて 素敵なキセキ
43%
セラヴィ! 夜更かししてみたい、、のよ ちょっとモノタリない、、から 月曜日のクリームソーダ
43%
一つの夢 叶うまで負けない 行くよ
43%
いつまでも なんどでも 笑おう 未来まで 照らすくらい なんどでも笑おう
43%
Brand new field キミを今(In mind)連れてゆくよ ミライは待ってる 僕らが描く―――—新たなキセキ BRAND NEW FIELD
43%
Thank You! あの日生まれた声の架け橋が 今日も夢を見る誰かの道を繋ぐ Crossing!
43%
ずっとずっと その先へ 世界は動き出す 今 始まるストーリー SideM DRIVE A LIVE
43%
この身、果てても 叶えたいものがあるよ… FairyTaleじゃいられない
43%
Now I'm ready, I'm ready to go 花が咲く時が来たんだ Are you ready? わかるでしょ やってみせる Make it through Fighting My Way
43%
Let's get a chance 次の奇跡 探しに行こうよ 今日よりもっと輝ける Let's get a chance
43%
青ざめて乾いた目に 紅潮してるアタシ 映れば存在してる感 すごいのよ 恋でしょ? スペードのQ
43%
Tame-Lie-One-Step Tame-Lie-One-Step
43%
片道1時間 電車に揺られ ディナーはコンビニの メニュー制覇 早朝の会議は 死んでも遅刻できない 花ざかりWeekend✿
43%
お気に入りだったフェアリーテイル なぞるように生きてきたけれど 幸せの そのイメージは 今では もうホコリかぶりで ガールズ・イン・ザ・フロンティア
36%
<サマーマ! ギラギラ サマーマ! クラクラ 1! 2! 1.2.3.4!>Wo-o-o-o-o-o-o-o-Wo-o-o-o- サマーパレード<Yeah!>  さぁおいで<Fu!>
キミとセミブルー
36%
色あせた写真、メモリー 幸せな時間、軌跡 思い出の中の私 Dye the sky.
36%
午前0時はまだ踊っていたい 鳴り止まないMusic on the Stage 可愛い人形演じていたって そっちもイマイチのりきれないでしょ 罪深い偽物なら キミからいっそNOと言ってよ Marionetteは眠らない
36%
ひときわに月が輝く TONIGHTそっと届くメッセージ 誰にも見せたらダメだよ 二人きりの秘密のPHANTOM THIEF MOON NIGHTのせいにして
36%
キミと一緒に歩いてきた この世界はどんな時だって アイが溢れているよ また紡ぎ出そうストーリー アイ NEED YOU
36%
夜のショーウィンドーに アナタの後姿を見た 人波がスチルのように 私も不意に立ち停まるの relations
36%
「この空の向こう側には どんな世界が待ってるの?」 溢れ出した胸の鼓動で 眠れない夜に VOY@GER
36%
どこかへおでかけおじょうさま 喉からがら限界ぎりぎり発狂寸前きゅんっ! 2番目にイケてるヒトがいい いいえヒトなら誰でもいいのぜいたく言わない きゅんっ!ヴァンパイアガール
29%
繋いだ両手は離さないで さぁ ゆこう どこまでも 虹を渡って 夢色ハーモニー
29%
1st page 鏡を覗いても 自分色なんて自分じゃ見えない だけど君が走る背中は 君色の羽が羽ばたいてる シャイノグラフィ
29%
ハチャメチャ! だって青春じゃない? ハッピーミルフィーユ
29%
Howling over the World 名前さえない僕らの 叫びよ 今 君へ届け Howling over the World
29%
やっと開く宝箱を キミと覗けば 新しい世界の空 新しい歌を残そう 一人じゃ書けない 繋ぎ 続くメロディ ここから
CRYST@LOUD
21%
ねぇ♪ 最初に出逢った日 覚えているかな? あれから幾つ経っただろう ねぇ♪ 振り返ればほら 思い出達 私の宝物だよ Destiny
21%
1・2・Love (you are my destiny,wanna be your everything) (don't stop my pure love,wanna be your only love)
Love∞Destiny
21%
超えてゆく合図さ… きらめく今 流れだすよ 笑顔の Miracle SESSION ここから―― SESSION!
21%
どこに向かう途中だろう 飛び込んだ光のなかで わからないまま手を伸ばした 風を探す翼のように プリズムフレア
14%
未来に響かせて 勝ち取るの この歌で 絶対 掴め starry star
Absolute NIne
14%
どこまで行けるの 眺めてた 空に飛び込んだあの日から 高鳴ってる (ざわめいてる) 心の光は 消えてない ほら消えない
Ambitious Eve
14%
For LAYERED WING For LAYERED SONG Resonance⁺
14%
「おいでよ!」季節の扉を開けたら まばゆい街 はずむ声が ふりそそぐよ 不思議ね 冷たい風でも寒くない あの笑顔が もう少しで 見られるから
Snow Wings
14%
土の上へ 水のなかへ 歩いていく 走っていく 裸足のこころは清められて 笑っている Sunshine See May
14%
探してるんだEpic Moments True Horizon
14%
闇を切り刻むように 昂ぶる思い 乱反射 To the stage 見せつけるわ Wandering Dream Chaser
14%
ねぇねぇねぇ 好きになっていいですか? ねぇねぇねぇ 好きになっていただけますか? ねぇねぇねぇ 言いたい言えない想い だってあなたは私の運命の人 ラ♥ブ♥リ♥
7%
ひらり花びらがほっぺ なでて飛んでいく なんだかソワソワしてしまいそうな きもちになっちゃうけど 見上げたら今 その目にうつる青空と あとは となりにいる笑顔を いっぱいおぼえていて はるかぜバトン
7%
断線間近の憂鬱を耐えきってつぶやく どうせ期待を越えない予定調和だって 平行線の美学
7%
遠くぼやけた空 大丈夫 信じて前を進め リメンバーディス ミラクルなナウ ミラクルナナウ(゚∀゚)!
7%
525600min 退屈に過ごしてるあなたへ 踊っちゃうような衝動を 届けにいこう! 古今東西ちょちょいのちょい
7%
Just close your eyes and breathe 目を覚ます世界 アライアンス・スターダスト
7%
Oh Yeah!Oh Yeah! Oh Yeah!鳴らせ!感じたまま Oh Yeah!いくぜ!アガる旋律 Oh Yeah!いざなうキミたちを 春夏秋冬四季おり! JOKER↗オールマイティ
7%
重なった時に刻まれていた過去からの警句 読み解けば見えてくるのは絶望?それとも希望? いつか聞いた「過去は繰り返す」その言葉を 諦めるためだけの言い訳にはさせない Make New Legend
7%
楽しかった時間ほど 気がついたら終わってしまうね なんだかさみしくなって・・・空を見たんだ Multicolored Sky
7%
この道の向こう 進んだ先は どんな未来が あるのだろう その未来を確かめるため 歩いていくよ アイ MUST GO!
7%
今日また始まる君の挑戦に 君らしい答えがあるさ 小さな後押しだけど聞こえるか? Plus 1 Good Day!
7%
ひとつの命が生まれゆく 二人は両手を握りしめて喜びあって幸せかみしめ 母なる大地に感謝をする ALIVE
0%
Tu tu tu lu lu Tu tu tu lu lu Ha~ Bet your intuition!
0%
”Project Fairy in your Heart” -All that want is XXX FlaME
0%
漂う新月と似ているペルソナ 目が合えば Checkmate 始まるひとときは 予想がつくほど甘くない Platinum MASK
0%
No matching quizzes found
Score Distribution
Percent of People with Each Score
Percentile by Number Answered
Your Score History
You have not taken this quiz